Urinuntersuchung beim gesunden Hund : physiologische Schwankungsbreiten und beeinflussende Faktoren /

Bibliographic Details
Main Author: Stephan, Inga
Format: Thesis Book
Language:German
Published: [Place of publication not identified] : [publisher not identified], 1996.

MARC

Tag First Indicator Second Indicator Subfields
LEADER 00000cam a2200000Ka 4500
001 in00004526321
005 20191205081843.0
008 970404s1996 gw a 000 0 ger d
015 |a 97,H03,1014  |2 dnb 
016 7 |a 949450782  |2 DE-101 
029 1 |a HEBIS  |b 057851832 
029 1 |a DEBBG  |b BV035299870 
035 |a (OCoLC)ocm36677506 
035 |a (OCoLC)36677506 
035 |z (UtOrBLW)64306 
035 |a 91735 
040 |a IWA  |c IWA  |d HEBIS  |d DEBBG  |d UtOrBLW 
049 |a TMVM 
100 1 |a Stephan, Inga. 
245 1 0 |a Urinuntersuchung beim gesunden Hund :  |b physiologische Schwankungsbreiten und beeinflussende Faktoren /  |c von Inga Stephan. 
264 1 |a [Place of publication not identified] :  |b [publisher not identified],  |c 1996. 
300 |a 125 pages :  |b illustrations ;  |c 21 cm. 
336 |a text  |2 rdacontent  |b txt 
337 |a unmediated  |2 rdamedia 
338 |a volume  |2 rdacarrier  |b nc 
502 |b Dr. med. vet.  |c Tierärztliche Hochschule Hannover  |d 1996. 
500 |a Summary in English. 
504 |a Includes bibliography. 
994 |a C0  |b TMV 
999 |a MARS 
999 f f |s 3e5c6149-7807-3548-8f74-f0d3c4629c42  |i 2586bbf2-3495-3f1e-9fa2-650c81ff4135  |t 0 
952 f f |p preservation  |a Texas A&M University  |b J.J. Pickle Campus  |c High Density Repository  |d Remote Storage  |t 0  |e German dissertations  |h Other scheme  |i unmediated -- volume  |m 3238902465223 
998 f f |a German dissertations  |t 0  |l Remote Storage